NLP : (Record no. 167667)

MARC details
000 -LEADER
fixed length control field 00877cam a2200253 a 4500
008 - FIXED-LENGTH DATA ELEMENTS--GENERAL INFORMATION
fixed length control field
020 ## - INTERNATIONAL STANDARD BOOK NUMBER
International Standard Book Number 9781857881226 (pbk.)
040 ## - CATALOGING SOURCE
Original cataloging agency MAIN
Transcribing agency NUST
090 00 - LOCALLY ASSIGNED LC-TYPE CALL NUMBER (OCLC); LOCAL CALL NUMBER (RLIN)
Classification number (OCLC) (R) ; Classification number, CALL (RLIN) (NR) BF637
Local cutter number (OCLC) ; Book number/undivided call number, CALL (RLIN) NLP
003 - CONTROL NUMBER IDENTIFIER
control field
005 - DATE AND TIME OF LATEST TRANSACTION
control field 20230123141110.0
049 ## - LOCAL HOLDINGS (OCLC)
Holding library MAIN
245 00 - TITLE STATEMENT
Title NLP :
Remainder of title the new technology of achievement /
Statement of responsibility, etc. NLP Comprehensive Training Team ; edited by Steve Andreas and Charles Faulkner ; contributing authors, Steve Andreas ... [et al.].
260 ## - PUBLICATION, DISTRIBUTION, ETC.
Place of publication, distribution, etc. London :
Name of publisher, distributor, etc. Nicholas Brealy,
Date of publication, distribution, etc. c1994.
300 ## - PHYSICAL DESCRIPTION
Extent 354 p. :
Other physical details ill. ;
Dimensions 21 cm.
500 ## - GENERAL NOTE
General note Includes index.
504 ## - BIBLIOGRAPHY, ETC. NOTE
Bibliography, etc. note Includes bibliographical references.
650 #0 - SUBJECT ADDED ENTRY--TOPICAL TERM
Topical term or geographic name entry element Neurolinguistic programming.
700 1# - ADDED ENTRY--PERSONAL NAME
Personal name Andreas, Steve.
700 1# - ADDED ENTRY--PERSONAL NAME
Personal name Faulkner, Charles.
710 2# - ADDED ENTRY--CORPORATE NAME
Corporate name or jurisdiction name as entry element NLP Comprehensive (Organization)
907 ## - LOCAL DATA ELEMENT G, LDG (RLIN)
a .b10390960
b 14-05-18
c 07-05-18
942 ## - ADDED ENTRY ELEMENTS (KOHA)
Koha item type Ordinary Loan Books
Call number prefix BF637
Call number suffix NLP
Holdings
Date last seen Total Checkouts Full call number Barcode Cost, replacement price Price effective from Koha item type Lost status Source of classification or shelving scheme Damaged status Not for loan Collection Withdrawn status Home library Current library Shelving location Date acquired Cost, normal purchase price
01/23/2023   BF637 NLP 92004045256 80.00 01/23/2023 BOOKS   LCC     NFIC   MAIN MAIN GEN 01/23/2023 80.00